00718nam a2200193 a 450000100100000000500170001000800410002704000250006810000430009324500900013626000490022630000210027550000330029650000320032970000320036104900090039395201050040299900170050700003626220200930075632.0120111s1988 es 000 0 spa d aDO-SdBNPbspacBNPHU1 aArroyo Gordo, María del Pilar96236510aÉtica y legislación en enfermeria /cMa Pilar Arroyo Gordo , Alfonso Serrano Gil. aMadrid :bInteramericana-McGraw-Hill,c1988. a248 p. ;c26 cm. aIncluye índice analítico aBibliografía : p. 245-24612aSerrano Gil, Alfonso962366 aBNPD 001050718MOaGRbGRcCTd2012-01-11iLF1l0o p36262-10r2020-06-25w2020-06-25y1ZNo se presta c35753d35753